000 01525na a2200385 4500
001 22801
003 MIRAKIL
005 20181213155047.0
008 170226b tu 000 0
040 _aMilas
_btur
_cTR-AnCHP
041 _atur
_aeng
082 _aCHP 337.14206
_bC36a [2010-2011]
090 _aCHP 337.14206 C36a [2010-2011]
091 _aDIŞ POLİTİKA -2- AB
110 _aCumhuriyet Halk Partisi (CHP)
_bAvrupa Birliği Temsilciliği
222 _aAB temsilciliği raporları
245 _aCHP Avrupa Birliği Temsilciliği
_braporlar
_cCHP Avrupa Birliği Temsilciliği
246 _aCHP Avrupa Birliği Temsilciliği raporları
260 _aBrussels
_bCHP AB Temsilciliği
_c[2010-2011]
300 _akrş s.
_brnkl. fotg.
_c30 sm.
440 _aCumhuriyet Halk Partisi yayınları
_pBültenler
490 _aAB Temsilciliği
_vBültenler
500 _aCumhuriyet Halk Partisi AB Temsilciliğinin çeşitli program ve faaliyet raporları
610 _aCHP
_xDış ilişkiler
_zAvrupa Birliği
610 _aCHP
_xDış politika
_zAvrupa Birliği
610 _aCHP
_xAB üyelik süreci
_yRaporlar
610 _aCHP
_xYurtdışı temsilcilikleri
_yAB temsilciliği
610 _aCHP
_bAB temsiciliği
_xRaporlar
650 _aAvrupa Birliği - Türkiye ilişkileri
651 _aTürkiye
_xDış ilişkiler
_zAvrupa Birliği
740 _aCHP Avrupa Birliği Temsilciliği raporları
740 _aAB temsilciliği raporları
942 _2ddc
_cBKS
999 _c5797
_d5797